Estrategias de adaptación de las plantas y procesos que controlan la vegetación / (Registro nro. 8227)

Detalles MARC
000 -CABECERA
Campo de control interno 01872nam a2200253Ia 4500
008 - ELEMENTOS DE LONGITUD FIJA - INFORMACIÓN GENERAL
Campo de control de longitud fija 260220t1989||||xx |||||||||||||| ||spa||
020 ## - ISBN
ISBN 9681813608
040 ## - FUENTE DE CATALOGACIÓN
Agencia de catalogación original PY-SlUNAC
Idioma de catalogación spa
Convenciones de descripción rda
041 ## - CÓDIGO DE IDIOMA
Código de idioma para texto/pista de sonido o título separado spa
082 ## - NÚMERO DE CLASIFICACIÓN DECIMAL DEWEY
Clasificación Decimal Dewey (CDD) 581
Clasificación Expansiva de Cutter (EC) G88e
100 ## - ASIENTO PRINCIPAL - NOMBRE PERSONAL
Nombre personal Grime, John Philip
Rol del autor Autor
245 #0 - TÍTULO
Título Estrategias de adaptación de las plantas y procesos que controlan la vegetación /
Mención de responsabilidad por John Philip Grime [Autor]
264 ## - PIE DE IMPRENTA
Lugar Ciudad de México :
Editorial Limusa,
Año ℗1989.
300 ## - DESCRIPCIÓN FÍSICA
Páginas 1 volumen
520 ## - NOTA DE RESUMEN
Nota de resumen En "Estrategias de adaptación de las plantas y procesos que controlan la vegetación", John Philip Grime analiza cómo las plantas han desarrollado diversas estrategias para sobrevivir y prosperar en un entorno cambiante. El autor clasifica las especies vegetales según su capacidad de adaptación a diferentes condiciones ambientales, destacando la importancia de factores como la competencia, la perturbación y la tolerancia al estrés. Grime propone un modelo que combina las estrategias de crecimiento, reproducción y supervivencia, lo que permite entender la dinámica de las comunidades vegetales. A lo largo del libro, se abordan temas como la influencia del clima, el suelo y las interacciones biológicas en la distribución y abundancia de las plantas. Además, se enfatiza la relevancia de la ecología funcional en la conservación y manejo de ecosistemas. A través de una combinación de teoría y ejemplos prácticos, Grime proporciona un marco comprensible para estudiar la vegetación, contribuyendo al conocimiento sobre los procesos ecológicos y su aplicación en la gestión ambiental.
653 ## - MATERIA - TÉRMINO TEMÁTICO NO CONTROLADO (PALABRAS CLAVE)
Materia - término temático no controlado (palabras clave) Adaptación de organismos
653 ## - MATERIA - TÉRMINO TEMÁTICO NO CONTROLADO (PALABRAS CLAVE)
Materia - término temático no controlado (palabras clave) Botánica
653 ## - MATERIA - TÉRMINO TEMÁTICO NO CONTROLADO (PALABRAS CLAVE)
Materia - término temático no controlado (palabras clave) Ecología
942 ## - ELEMENTOS PERSONALIZADOS (KOHA)
Fecha catalogación 2026/02/17
Tipo de documento Libros
Existencias
Fuente de Clasificacion Colección Ubicacion permanente Biblioteca actual Fecha de Ingreso a la Biblioteca Origen de adquisición Código de ubicación Código de barras Tipo de Item KOHA Nota pública
Dewey Decimal Classification Colección General (CG) Biblioteca e Internet, Facultad de Ciencias Exactas y Naturales Biblioteca e Internet, Facultad de Ciencias Exactas y Naturales 02/20/2026 Donación 581 G88e CG1587 Libros Material disponible en la Biblioteca e Intenet, Campus UNA, San Lorenzo.